| 000 | 00400 a2200145 4500 | ||
|---|---|---|---|
| 005 | 20250516114457.0 | ||
| 020 | _a978-1-119-08657-4 | ||
| 082 | _a658.404 VER | ||
| 100 | _aVERZUH, E. | ||
| 245 | _aThe Fast Forward MBA in Project Management. | ||
| 250 | _a5th Ed. | ||
| 260 |
_aCanada, _bJohn Wiley &son, Inc, _c2016. |
||
| 300 |
_axviii, 510p.: Ill.;figures & table _bIndex _c22cm. |
||
| 942 |
_2ddc _cBKS |
||
| 999 |
_c2396 _d2396 |
||